|
|
|
|
| LEADER |
00000nab a2200000 a 4500 |
| 001 |
vtls009158436 |
| 003 |
SK-MaSNL |
| 005 |
20260304180123.0 |
| 008 |
250506c2007 xo |||||||||||000 b|slo |
| 015 |
|
|
|a SNBRB2007/11
|2 snkbucl
|
| 035 |
|
|
|a (uuid)1a9fddb6-9318-43f1-b50e-bdbe60695453
|
| 035 |
|
|
|a urn:nbn:sk:snk-ab1fat
|
| 035 |
|
|
|a (urnnbn)urn:nbn:sk:snk:ar-00350d
|
| 038 |
|
|
|a SNKBUCL
|
| 040 |
|
|
|a SNKBUCL
|b slo
|c SNKBUCL
|e AACR2
|
| 041 |
0 |
|
|a slo
|
| 044 |
|
|
|a xo
|c SK
|
| 080 |
|
|
|a 658.012.43/.45:004
|2 2001
|
| 080 |
|
|
|a [007+004]:658
|2 2001
|
| 080 |
|
|
|a 005:[007+004]
|2 2001
|
| 100 |
1 |
|
|a Lacko, Ľuboslav,
|d 1965-
|4 aut
|9 207258
|
| 245 |
1 |
0 |
|a Súčasné výzvy pre CIO
|c Ľuboslav Lacko
|
| 300 |
|
|
|b Obr.
|
| 650 |
0 |
7 |
|a informačné technológie
|2 SNKPH
|9 1527
|
| 650 |
0 |
7 |
|a informačné oddelenia
|2 snkbucl
|9 1491949
|
| 650 |
0 |
7 |
|a podnikové informačné systémy
|2 SNKPH
|9 68605
|
| 650 |
0 |
7 |
|a informačný manažment
|2 SNKPH
|9 4990
|
| 773 |
0 |
|
|t Infoware
|g Č. 10 (2007), s. 18
|x 1335-4787
|
| 850 |
|
|
|a Slovenská národná knižnica
|
| 852 |
|
|
|a Slovenská národná knižnica
|
| 954 |
|
|
|a odborná, vedecká literatúra pôvodná (slovenská)
|2 lita
|
| 958 |
|
|
|a article2022
|
| 958 |
|
|
|a OND
|
| 958 |
|
|
|a EUIPO
|
| 999 |
|
|
|c 3016621
|d 3018551
|